Estudios de mitología comparada indoamericana : El origen del fuego y concepciones sobre el lugar de los muertos en pueblos indoamericanos

Gespeichert in:
Bibliographische Detailangaben
1. Verfasser: Margery Peña, Enrique
Format: Buch
Sprache:Undetermined
Veröffentlicht: San José, Costa Rica Editorial Universidad de Costa Rica 2007
Schlagworte:
Tags: Tag hinzufügen
Keine Tags, Fügen Sie den ersten Tag hinzu!

MARC

LEADER 00000nam a2200000Ia 4500
008 170316s9999 xx 000 0 und d
090 |a 291 M-2e v.2 
100 |a Margery Peña, Enrique 
245 |a Estudios de mitología comparada indoamericana : El origen del fuego y concepciones sobre el lugar de los muertos en pueblos indoamericanos 
260 |a San José, Costa Rica 
260 |b Editorial Universidad de Costa Rica 
260 |c 2007 
300 |a 487 páginas Vol. 2 
650 |a MITOLOGÍA 
650 |a MITOLOGÍA INDÍGENA 
650 |a LEYENDAS INDÍGENAS 
650 |a EL FUEGO - PUEBLOS INDOAMÉRICANOS 
650 |a LOS MUERTOS 
999 |c 18147  |d 18147 
040 |a cru BVZT 
942 |c 15 D  |h 291 M-2e v.2  |2 z